Big data analytics: (Record no. 6348)

MARC details
000 -LEADER
fixed length control field 00950nam a22003137a 4500
003 - CONTROL NUMBER IDENTIFIER
control field OSt
005 - DATE AND TIME OF LATEST TRANSACTION
control field 20220107122847.0
008 - FIXED-LENGTH DATA ELEMENTS--GENERAL INFORMATION
fixed length control field 190118b xxu||||| |||| 00| 0 eng d
020 ## - INTERNATIONAL STANDARD BOOK NUMBER
International Standard Book Number 9781138082168
040 ## - CATALOGING SOURCE
Transcribing agency IIITMK
082 ## - DEWEY DECIMAL CLASSIFICATION NUMBER
Classification number 006.312 PAN/B
100 ## - MAIN ENTRY--PERSONAL NAME
Personal name Panda, Mrutyunjaya (Ed.)
9 (RLIN) 15240
245 ## - TITLE STATEMENT
Title Big data analytics:
Remainder of title A social network approach
Statement of responsibility, etc. Mrutyunjaya Panda
260 ## - PUBLICATION, DISTRIBUTION, ETC.
Place of publication, distribution, etc. Boca Raton,
Name of publisher, distributor, etc. CRC Press,
Date of publication, distribution, etc. 2019.
300 ## - PHYSICAL DESCRIPTION
Extent vi, 316p.
650 ## - SUBJECT ADDED ENTRY--TOPICAL TERM
Topical term or geographic name entry element COMPUTER SCIENCE
9 (RLIN) 16545
650 ## - SUBJECT ADDED ENTRY--TOPICAL TERM
Topical term or geographic name entry element BIG DATA
9 (RLIN) 16546
650 ## - SUBJECT ADDED ENTRY--TOPICAL TERM
Topical term or geographic name entry element BIG DATA ANALYTICS
9 (RLIN) 16547
650 ## - SUBJECT ADDED ENTRY--TOPICAL TERM
Topical term or geographic name entry element SOCIAL NETWORKING
9 (RLIN) 16548
650 ## - SUBJECT ADDED ENTRY--TOPICAL TERM
Topical term or geographic name entry element NEURAL NETWORKING
9 (RLIN) 16549
650 ## - SUBJECT ADDED ENTRY--TOPICAL TERM
Topical term or geographic name entry element DEEP LEARNING
9 (RLIN) 16550
650 ## - SUBJECT ADDED ENTRY--TOPICAL TERM
Topical term or geographic name entry element ARTIFICIAL INTELLIGENCE
9 (RLIN) 16551
650 ## - SUBJECT ADDED ENTRY--TOPICAL TERM
Topical term or geographic name entry element E-LEARNING
9 (RLIN) 16552
650 ## - SUBJECT ADDED ENTRY--TOPICAL TERM
Topical term or geographic name entry element E-HEATH CARE
9 (RLIN) 16553
650 ## - SUBJECT ADDED ENTRY--TOPICAL TERM
Topical term or geographic name entry element SECURITY AND INTRUSION DETECTION
9 (RLIN) 16554
700 ## - ADDED ENTRY--PERSONAL NAME
Personal name Hassanien, Aboul-Ella
9 (RLIN) 15241
700 ## - ADDED ENTRY--PERSONAL NAME
Personal name Abraham, Ajith
9 (RLIN) 15242
942 ## - ADDED ENTRY ELEMENTS (KOHA)
Source of classification or shelving scheme Dewey Decimal Classification
Koha item type Books
Holdings
Withdrawn status Lost status Source of classification or shelving scheme Damaged status Not for loan Collection code Home library Current library Shelving location Date acquired Cost, normal purchase price Total Checkouts Full call number Barcode Date last seen Price effective from Koha item type
    Dewey Decimal Classification     Data Analytics/ Big Data/ Data Mining Kerala University of Digital Sciences, Innovation and Technology Knowledge Centre Kerala University of Digital Sciences, Innovation and Technology Knowledge Centre Computer Science 18/01/2019 8414.00   006.312 PAN/B 5410 03/12/2020 18/01/2019 Books
    Dewey Decimal Classification     Data Analytics/ Big Data/ Data Mining Kerala University of Digital Sciences, Innovation and Technology Knowledge Centre Kerala University of Digital Sciences, Innovation and Technology Knowledge Centre Computer Science 03/12/2022 10387.00   006.312 PAN/B;1 6925 03/12/2022 03/12/2022 Books